| 000 | 00000nam##2200000za#4500 |
| 001 | 9.606706 |
| 003 | CaOODSP |
| 005 | 20210624212747 |
| 007 | cr ||||||||||| |
| 008 | 150406|1994||||xxc|||||o f|0| 0 fre|d |
| 022 | |a1488-545X |
| 040 | |aCaOODSP|bfre |
| 043 | |an-cn--- |
| 086 | 1 |aFs97-6/2005F-PDF |
| 110 | 1 |aCanada. |bMinistère des pêches et des océans. |
| 245 | 10|aBesoins environnementaux et réactions aux activités humaines du pétoncle géant (Placopecten magellanicus) dans l'est du Canada / |h[ressource électronique]|cpar P.L. Stewart et S.H. Arnold. |
| 260 | |aDartmouth - Nouvelle-Écosse : |bPêches et Océans Canada |c1994. |
| 300 | |a50p.|bfigures, références |
| 490 | 1 |aRapport technique canadien des sciences halieutiques et aquatiques|x1488-545X|vN° 2005 |
| 500 | |aSur la p. de t.: Direction des sciences biologiques, Région Scotia-Fundy, Institut océanographique de Bedford, Darmouth (Nouvelle-Écosse). Le n° de catalogue et l'ISSN de l'édition imprimée apparaissent dans cette version électronique. |
| 546 | |a(Abstract in English). |
| 590 | |a14-05-Supp|b2014-02-26 |
| 720 | 1 |aStewart, P. L. |
| 720 | 1 |aArnold, S. H. |
| 775 | 08|tEnvironmental requirements of the sea scallop (Placopecten magellanicus) in eastern Canada and its response to human impacts / |w(CaOODSP)9.579045 |
| 830 | #0|aRapport technique canadien des sciences halieutiques et aquatiques,|x1488-545X|vN° 2005|w(CaOODSP)9.500867 |
| 856 | 40|ahttp://publications.gc.ca|qPDF|s4309 Ko|uhttps://publications.gc.ca/collections/collection_2014/mpo-dfo/Fs97-6-2005-fra.pdf|yN° 2005 |